banner-ar

التنمية المهنية للمعلمين فى ضوء الاتجاهات العالمية : (Record no. 60605)

MARC details
000 -الفاتح
حقل البيانات ثابتة الطول 01090nam a22002537a 4500
005 - وقت وتاريخ اخر تعامل مع التسجيلة
رقم الضبط 20240530110418.0
008 - عناصر البيانات ثابتة الطول - معلومات عامة
حقل البيانات ثابتة الطول 141019s2010 ua j gr 000 0 ara d
017 ## - رقم الايداع القانونى
رقم الايداع القانونى 8908/2009
المصدر ( الهيئة المختصة) مصر . دار الكتب
020 ## - الرقم الدولى المعيارى للكتب
الرقم الدولى المعيارى للكتاب 9773286061
040 ## - مصدر الفهرسة
وكالة الفهرسة الأصلية EG-CaGPL
082 04 - رقم تصنيف ديوى العشرى
رقم الطبعة 21
رقم التصنيف 370.113
رقم المادة ر ت
100 0# - المدخل الرئيسى - إسم شخصى
الإسم الشخصى رشيدة السيد احمد الطاهر
245 12 - بيان العنوان
العنوان التنمية المهنية للمعلمين فى ضوء الاتجاهات العالمية :
بقية العنوان تحديات وطموحات /
بيان المسئوليه,etc رشيدة السيد احمد الطاهر
260 ## - PUBLICATION, DISTRIBUTION, ETC. (IMPRINT)
تاريخ النشر أو التوزيع 2010
300 ## - الوصف المادى
التعداد 309 ص :
تفاصيل ماديه اخرى للوعاء ايض ؛
أبعاد الوعاء 24 سم
650 04 - المدخل الاضافى بالموضوع-مصطلح موضوعى
مصطلح موضوعي المدرسون
التقسيم الفرعي العام تدريب
650 04 - المدخل الاضافى بالموضوع-مصطلح موضوعى
مصطلح موضوعي التنمية المهنية
التقسيم الفرعي العام المدرسون
650 04 - المدخل الاضافى بالموضوع-مصطلح موضوعى
مصطلح موضوعي التعليم
التقسيم الفرعي العام طرق تدريس
650 04 - المدخل الاضافى بالموضوع-مصطلح موضوعى
مصطلح موضوعي المدرسون
التقسيم الفرعي العام مؤهلات
650 04 - المدخل الاضافى بالموضوع-مصطلح موضوعى
مصطلح موضوعي المدرسون
التقسيم الفرعي العام الاشتراك فى الادارة
653 04 - مصطلح تكشيفى غير مقيد
مصطلح غير مقيد المدرسون - بعثات تدريبية
942 ## - عناصر المدخل الإضافي( كوها)
مصدر التصنيف او مخطط الترفيف Dewey Decimal Classification
Koha [default] item type كتاب
260 ## - PUBLICATION, DISTRIBUTION, ETC. (IMPRINT)
-- الاسكندرية :
-- دار الجامعة الجامعة الجديدة ،
Holdings
حالة التراجع حالة الفقد حالة تلف ليس للاعارة المكان المؤقت الموقع الحالى تاريخ الاكتساب اجمالي اﻻعارات رقم الطلب الباركود تاريخ اخر مشاهدة تاريخ تفعيل السعر نوع وعاء كوها
        مكتبة القاهرة الكبرى مكتبة القاهرة الكبرى 03/09/2015   370.113 ر ت 159704 03/09/2015 03/09/2015 كتاب

Powered By

EGPV